| 000 | 00874cam a2200289 4500 | ||
|---|---|---|---|
| 001 | J3361 | ||
| 008 | 090401t1995 xxu||||| |||| 00| 0 eng d | ||
| 035 | _a(Sirsi) u54645 | ||
| 041 | _aeng | ||
| 050 | _a692.8 | ||
| 110 |
_aNational Joint Consultative Committee for Building _9994 |
||
| 245 | _aCharges for admission to approved and select lists and for tender documents. | ||
| 260 |
_aLondon _bNJCC _c1995 |
||
| 300 | _a4p. ; 30cm. | ||
| 350 | _a5 | ||
| 490 |
_aNJCC Guidance Note _v9 |
||
| 650 | _aAPPROVED LISTS | ||
| 650 | _aBUILT ENVIRONMENT-BUILDING CONTRACT FORMS | ||
| 650 | _aCONSULTANTS | ||
| 650 | _aCONTRACTORS | ||
| 650 | _aSELECT LISTS | ||
| 650 | _aTENDER DOCUMENTS | ||
| 690 | _aBUILT ENVIRONMENT-BUILDING CONTRACT FORMS | ||
| 710 |
_aJoint Consultative Committee for Building Northern Ireland _91871 |
||
| 942 | _n0 | ||
| 948 | _c04/03/1997 | ||
| 999 |
_c93488 _d93488 |
||